000 00885nam a22002657i 4500
005 20210818182157.0
008 190308s2001 sp a br 000 j spa d
020 _a8424625714
040 _aCOMFC
_bspa
_erda
099 _aC
_eANTH
100 1 _954051
_aAntolín Planas, Nacho
_eaut
245 1 4 _aLos hipopótamos no hacen surf
_cNacho Antolín Planas ; ilustraciones de Artur Díaz
264 0 1 _aBarcelona
_bLa Galera
_c2001
300 _a22 páginas
_bilustraciones en color
_c15 cm
336 _2rdacontent
_atxt
337 _2rdamedia
_an
338 _2rdacarrier
_anc
490 _954052
_aColas de Sirena
700 1 _954053
_aDíaz, Artur
_eill
090 _aC
_bANTH
650 0 _918131
_aHipopotamos
_vCuentos Infantiles
650 0 _921021
_aLibros Ilustrados Para Niños
650 0 _921010
_aLibros de Lectura (Educacion Primaria)
942 _2ddc
_hC ANTH
_kC
_mANTH
999 _c14752
_d14752